| 000 | 00628cam a2200181 4500500 | ||
|---|---|---|---|
| 005 | 20260329005901.0 | ||
| 041 | _afre | ||
| 042 | _adc | ||
| 100 | 1 | 0 |
_ad’Iorio, Paolo _eauthor |
| 245 | 0 | 0 | _aPaolo D’Iorio : l’éternel retour, une hypothèse scientifique |
| 260 | _c2015. | ||
| 500 | _a23 | ||
| 690 | _aEternel retour | ||
| 690 | _aFriedrich Nietzsche | ||
| 690 | _aScience | ||
| 786 | 0 | _nPhilosophie magazine - Hors séries | Hors-série Été 2015 | HS27 | 2015-07-01 | p. 22-23 | 2104-9246 | |
| 856 | 4 | 1 | _uhttps://shs.cairn.info/magazine-philosophie-magazine-2015-hs26-page-22?lang=fr&redirect-ssocas=7080 |
| 999 |
_c1847547 _d1847547 |
||